000 00772nam a2200241Ia 4500
003 OSt
005 20220923223453.0
006 a|||||r|||| 00| 0
007 ta
008 220922b |||||||| |||| 00| 0 hin d
024 _a217,221
037 _cTextual
040 _aARTS
_cARTS
_bhin
041 _2hin
_ahin
082 _aw1,N96, 152P2
100 _aशर्मा, विश्वमित्र, संपा.
245 0 _aनोबेल पुरस्कार कोश
246 _aNobel puraskār kosha
260 _aनई दिल्ली
_b राजपाल
_c2002
300 _a275i`
_ccm.
942 _hw1,N96, 152P2
_cTEXL
_2CC
999 _c365562
_d365562